000 00404cam a2200169ua 4500
003 OSt
005 20260213114727.0
008 260213b |||||||| |||| 00| 0 eng d
041 _aeng
082 _a028.70335
_bGOV/KE
245 _aKerala services manual, vol-1 /
250 _a3 /
260 _aKerala :
_bGovernment of Kerala ,
_c1973.
300 _a140 ; .
500 _a**Reference
942 _cBK
999 _c8160
_d8160